LEADER 00888nas a2200193 i 4500 001 000000021516 003 CaOOAMICUS 005 20180830125445.0 008 180830n gw u0 und u 040 $aSeMil$bita 245 10$aVorreformationsgeschichtliche Forschungen /$cbegründet von Heinrich Finke ; hrsg. von Joseph Lortz. 260 $aMünster :$bAschendorff,$c[192.] 300 $av. ;$c23 cm. 500 $aBibliographie nel vol. 2. 700 1 $aLortz, Joseph,$d<1887-1975>.$0(OLS)http://semarc/name/671 700 1 $aFinke, Heinrich,$d<1855-1938>.$0(OLS)http://semarc/name/7866 774 0 $aBrandmüller, Walter $tKonzil von Pavia-Siena, 1423-1424.$dMünster : Aschendorff, 1968-1974.$g16$w()21514 996 $6245$aVorreformationsgeschichtliche Forschungen$9(OLS)http://semarc/title/28489 996 $6260$aMünster :$bAschendorff$9(OLS)http://semarc/publisher/29674 LEADER 00945nam a2200217 i 4500 001 000000024692 003 CaOOAMICUS 005 20180830125446.0 008 180830s1930 it u000 u ita u 040 $aSeMil$bita 245 10$aStudi clinici e sociali di tisiologia /$cIstituto di Tisiologia. 260 $aMilano :$bTip. Luigi Reali,$c1930. 300 $av. ;$c25 cm. 500 $aIn testa al front : O. P. Poliambulanza "Giuseppe Ronzoni". Milano. 650 4$aTisiologia.$0(OLS)http://semarc/subject/3906 700 1 $aIstituto di Tisiologia .$0(OLS)http://semarc/name/10936 774 0 $tMemorie presentate alla 7. Conferenza Internazionale contro la tubercolosi.$gVolume2$w()200291 774 0 $tVolume 3.$gVolume3$w()200293 774 0 $tVolume 4.$gVolume3$w()200294 996 $6245$aStudi clinici e sociali di tisiologia$9(OLS)http://semarc/title/33236 996 $6260$aMilano :$bTip. Luigi Reali$9(OLS)http://semarc/publisher/36233